Short Hannibal Lecter quiz - Statistics

General Stats
  • This quiz has been taken 339 times
  • The average score is 5 of 8
Answer Stats
Hint Answer % Correct
How many fingers does Lecter have on his left hand prior to the book "Hannibal"? Six
87%
What country was Lecter born in? Lithuania
75%
Who was the FBI Agent that caught Lecter? Agent Will Graham
71%
What was Lecter's sister's name? Mischa
61%
What body part did Lecter eat of Paul Krendler's? His brain
56%
Who is Lecter's love interest in his later years? Clarice Starling
48%
What color are Lecter's eyes in the books? Maroon
34%
What was the name of Lecter's favorite orderly at the Baltimore Hospital for the Criminally insane? Barney
27%
No matching quizzes found
Score Distribution
Percent of People with Each Score
Percentile by Number Answered
Your Score History
You have not taken this quiz